|
|
|
|
| LEADER |
00000nam0a2200000 4500 |
| 001 |
64357 |
| 005 |
20231031065547.0 |
| 035 |
|
|
|a (RuTPU)RU\TPU\book\68300
|
| 090 |
|
|
|a 64357
|
| 100 |
|
|
|a 20040528d1961 km y0rusy50 ca
|
| 101 |
0 |
|
|a rus
|
| 102 |
|
|
|a RU
|
| 105 |
|
|
|a a z 001zy
|
| 200 |
1 |
|
|a Кремниевые солнечные батареи
|f А. Я. Глиберман, А. К. Зайцева
|
| 210 |
|
|
|a Москва
|c Госэнергоиздат
|d 1961
|a Ленинград
|
| 215 |
|
|
|a 72 с.
|c ил.
|e граф.
|
| 225 |
1 |
|
|a Массовая радиобиблиотека
|v Вып. 396
|
| 610 |
1 |
|
|a солнечные батареи
|
| 610 |
1 |
|
|a эксплуатация
|
| 610 |
1 |
|
|a кремниевые батареи
|
| 610 |
1 |
|
|a солнечное излучение
|
| 610 |
1 |
|
|a природа
|
| 610 |
1 |
|
|a мощность
|
| 610 |
1 |
|
|a фотопреобразователи
|
| 610 |
1 |
|
|a свет
|
| 610 |
1 |
|
|a поглощение
|
| 675 |
|
|
|a 621.47
|v 3
|
| 675 |
|
|
|a 621.396
|v 3
|
| 700 |
|
1 |
|a Глиберман
|b А. Я.
|g Анатолий Яковлевич
|
| 701 |
|
1 |
|a Зайцева
|b А. К.
|g Айта Константиновна
|
| 801 |
|
1 |
|a RU
|b 63413507
|c 20040528
|g PSBO
|
| 801 |
|
2 |
|a RU
|b 63413507
|c 20210621
|g PSBO
|
| 942 |
|
|
|c BK
|